00682nam a2200169 a 4500003000200000005001700002008004100019050002700060100003600087245014200123260009000265300004000355504004100395650002100436650002600457650002900483020250522105445.0030519s19uu xx 00 eng d aPHS LB 1065b.M37 2003 aMasangcay, Bernagail Dela Cruz. aThe Relationships among learning styles, academic performance, and favorite subject of students at SISC /cBernagail Dela Cruz Masangcay. aLas Piñas City, Philippines :bSouthville International School and Colleges,c2003. a60 pages :billustrations ;c28 cm. aIncludes bibliographical references. aLearning styles. aAcademic achievement. aLearning, Psychology of.